| 000 | 00493nam a2200193Ia 4500 | ||
|---|---|---|---|
| 003 | OSt | ||
| 005 | 20240924151322.0 | ||
| 008 | 210210b1933 xxu||||| |||| 00| 0 eng d | ||
| 040 | _cAL | ||
| 041 | _aHindi | ||
| 082 | _a868/59 | ||
| 100 |
_aTRIPATI (Ram Naresh) _dरामनरेश त्रिपाठी _9180150 |
||
| 245 |
_aBudha _bबूढ़ा |
||
| 260 |
_aPaTna _b- _c1933 |
||
| 650 |
_aBudha _9180151 |
||
| 690 |
_aBiography _9180152 |
||
| 906 | _a023784 | ||
| 942 |
_2ddc _cBK |
||
| 999 |
_c148749 _d148749 |
||